[Event "Prva liga CS 2013"]
[Site "www.sah-centralnasrbija.com"]
[Date "2013.09.14"]
[Round "1.6"]
[White "Stankovic Milos"]
[Black "Pajic Milomir"]
[Result "1-0"]
[WhiteElo "2417"]
[BlackElo "2183"]
[PlyCount "75"]
[EventDate "2013.??.??"]

1. e4 c5 2. Nf3 e6 3. d4 cxd4 4. Nxd4 Nf6 5. Nc3 d6 6. g3 Nc6 7. Bg2 Bd7 8. O-O
Be7 9. Nb3 a6 10. a4 b6 11. f4 Qc7 12. g4 h6 13. Qf3 Rc8 14. Be3 O-O 15. h4 Kh8
16. Rad1 Nb4 17. g5 Ng8 18. Rf2 Bc6 19. Nd4 Bd7 20. Qg3 d5 21. exd5 exd5 22.
Nxd5 Nxd5 23. Bxd5 Bxa4 24. Ra1 Bd7 25. Rxa6 Rcd8 26. c4 Bc5 27. b4 Bxb4 28.
Nf3 Bc5 29. Ne5 Bf5 30. Bxc5 bxc5 31. Qa3 Rxd5 32. cxd5 Qb7 33. Qxc5 Rc8 34.
Rc6 Qb1+ 35. Kh2 Ra8 36. Nxf7+ Kh7 37. h5 Ne7 38. Qxe7 1-0

[Event "Prva liga CS 2013"]
[Site "www.sah-centralnasrbija.com"]
[Date "2013.09.14"]
[Round "1.3"]
[White "Radovanovic Dusan"]
[Black "Marinkovic Ivan"]
[Result "1/2-1/2"]
[WhiteElo "2377"]
[BlackElo "2448"]
[PlyCount "46"]
[EventDate "2013.??.??"]

1. d4 Nf6 2. c4 c5 3. d5 b5 4. cxb5 a6 5. bxa6 g6 6. Nc3 Bxa6 7. e4 Bxf1 8.
Kxf1 d6 9. Nf3 Bg7 10. g3 O-O 11. Kg2 Nbd7 12. a4 Qb6 13. Ra3 Rfb8 14. Qc2 c4
15. Rd1 Ng4 16. Nb5 Nc5 17. h3 Ne5 18. Nxe5 Bxe5 19. Qxc4 Rxa4 20. Rxa4 Nxa4
21. Qxa4 Qxb5 22. Qxb5 Rxb5 23. Rd2 Rc5 1/2-1/2

[Event "Prva liga CS 2013"]
[Site "www.sah-centralnasrbija.com"]
[Date "2013.09.14"]
[Round "1.4"]
[White "Simonovic Aleksandar"]
[Black "Marcetic Nikola"]
[Result "1-0"]
[WhiteElo "2365"]
[BlackElo "2395"]
[PlyCount "67"]
[EventDate "2013.??.??"]

1. c4 e6 2. Nc3 d5 3. d4 Nf6 4. Nf3 Be7 5. Bg5 O-O 6. e3 h6 7. Bxf6 Bxf6 8. Qc2
b6 9. O-O-O a6 10. h4 g6 11. g4 Bg7 12. Ne5 c5 13. f4 cxd4 14. exd4 dxc4 15. h5
Bb7 16. Bg2 Bxg2 17. Qxg2 Nd7 18. g5 hxg5 19. hxg6 Nxe5 20. dxe5 Qe7 21. Ne4
fxg6 22. Nxg5 c3 23. Rd6 cxb2+ 24. Kb1 Rac8 25. Nxe6 Rc1+ 26. Rxc1 bxc1=Q+ 27.
Kxc1 Rc8+ 28. Kd2 Qf7 29. Qd5 Bh6 30. Rd7 Bxf4+ 31. Nxf4 Qxd5+ 32. Nxd5 Kf8 33.
Kd3 b5 34. Nc7 1-0

[Event "Prva liga CS 2013"]
[Site "www.sah-centralnasrbija.com"]
[Date "2013.09.14"]
[Round "1.5"]
[White "Vuckovic Branko"]
[Black "Nestorovic Lazar"]
[Result "1-0"]
[WhiteElo "2263"]
[BlackElo "2391"]
[PlyCount "118"]
[EventDate "2013.??.??"]

1. e4 c5 2. Nf3 d6 3. Nc3 a6 4. Ne2 g6 5. c3 Nf6 6. Ng3 Bg7 7. d4 cxd4 8. cxd4
Bg4 9. Be2 Nc6 10. O-O O-O 11. h3 Bxf3 12. Bxf3 Nd7 13. Be3 e5 14. dxe5 Bxe5
15. Ne2 Nc5 16. Qc2 Qf6 17. Qd2 Bxb2 18. Bg5 Qh8 19. Rab1 Be5 20. Bh6 Rfe8 21.
Nf4 Qf6 22. Nd5 Qd8 23. Bg5 f6 24. Be3 Rb8 25. Rfc1 Ne6 26. Bb6 Qd7 27. Bg4 f5
28. exf5 gxf5 29. Bxf5 Qf7 30. Bxe6 Rxe6 31. Bc7 Rbe8 32. Rc4 Rg6 33. Rxb7 Qf3
34. Ne3 Nd4 35. Rb8 Rxb8 36. Bxb8 Ne2+ 37. Kf1 Ng3+ 38. Ke1 Qf8 39. Qc2 Re6 40.
Rc8 Re8 41. Qb3+ Kg7 42. Rxe8 Qxe8 43. fxg3 Bd4 44. Ba7 Bxa7 45. Qb7+ Qf7 46.
Nf5+ Kf6 47. Qxf7+ Kxf7 48. Nxd6+ Ke6 49. Ne4 Ke5 50. Ng5 Kf5 51. Nf3 Bb8 52.
g4+ Kf4 53. g5 Kg3 54. Kf1 Ba7 55. Ne5 Bd4 56. Nd7 Kh4 57. Nf8 Be5 58. g6 Kh5
59. gxh7 Bd4 1-0

[Event "Prva liga CS 2013"]
[Site "www.sah-centralnasrbija.com"]
[Date "2013.09.14"]
[Round "1.1"]
[White "Parligras Mircea"]
[Black "Atalik Suat"]
[Result "1-0"]
[WhiteElo "2560"]
[BlackElo "2566"]
[PlyCount "49"]
[EventDate "2013.??.??"]

1. d4 Nf6 2. c4 g6 3. f3 d6 4. e4 e5 5. Ne2 c5 6. d5 h5 7. Nbc3 h4 8. Be3 Bh6
9. Bxh6 Rxh6 10. Qd2 Rh8 11. Nc1 Nbd7 12. Be2 Qe7 13. Nd3 Nb6 14. b3 Bd7 15. a4
a5 16. O-O-O O-O-O 17. Nb1 Nh5 18. Qxa5 Qg5+ 19. Rd2 Kc7 20. Nxc5 Ra8 21. Qb4
Qxg2 22. Re1 Qxh2 23. a5 dxc5 24. Qxb6+ Kc8 25. d6 1-0

[Event "Prva liga CS 2013"]
[Site "www.sah-centralnasrbija.com"]
[Date "2013.09.14"]
[Round "1.1"]
[White "Pantelic Sasa"]
[Black "Pavlovic Milos"]
[Result "1/2-1/2"]
[WhiteElo "2322"]
[BlackElo "2496"]
[PlyCount "99"]
[EventDate "2013.??.??"]

1. d4 Nf6 2. c4 e6 3. Nc3 Bb4 4. e3 c5 5. Bd3 Nc6 6. Nge2 cxd4 7. exd4 d5 8.
cxd5 Nxd5 9. O-O O-O 10. a3 Bd6 11. Nxd5 exd5 12. Nf4 Bxf4 13. Bxf4 Qf6 14. Be3
Bf5 15. Rc1 Bxd3 16. Qxd3 Rad8 17. b4 Rd7 18. Rc5 h6 19. Qc3 Re8 20. b5 Ne7 21.
Rc7 Qd6 22. Bf4 Rxc7 23. Qxc7 Qxc7 24. Bxc7 Nf5 25. b6 Ra8 26. Rb1 Nxd4 27.
bxa7 Rxa7 28. Bb6 Ra4 29. Bxd4 Rxd4 30. Kf1 Ra4 31. Rxb7 Rxa3 32. Ke2 Ra5 33.
Ke3 g5 34. Rd7 Kg7 35. Kd4 Ra4+ 36. Kd3 Ra3+ 37. Kd4 Ra4+ 38. Kd3 Rf4 39. f3
Ra4 40. Rxd5 Ra2 41. g4 Rxh2 42. Ke3 Kg6 43. Ra5 h5 44. f4 Rh3+ 45. Ke4 f6 46.
fxg5 hxg4 47. Kf4 g3 48. gxf6 g2 49. Rg5+ Kxf6 50. Rxg2 1/2-1/2

[Event "Prva liga CS 2013"]
[Site "www.sah-centralnasrbija.com"]
[Date "2013.09.14"]
[Round "1.2"]
[White "Nestorovic Nikola"]
[Black "Perunovic Miodrag"]
[Result "1-0"]
[WhiteElo "2439"]
[BlackElo "2418"]
[PlyCount "67"]
[EventDate "2013.??.??"]

1. e4 c5 2. Nf3 d6 3. d4 cxd4 4. Nxd4 Nf6 5. Nc3 Bd7 6. f3 e5 7. Nb3 Be7 8. Be3
O-O 9. Qd2 a5 10. a4 Na6 11. g4 Be6 12. g5 Nh5 13. O-O-O Nb4 14. Kb1 Rc8 15.
Rg1 d5 16. exd5 Bf5 17. Na1 Qd6 18. Ne4 Qg6 19. d6 Qe6 20. b3 Rfd8 21. Bc4 Rxc4
22. dxe7 Rxd2 23. Rxd2 Qxe7 24. bxc4 Bxe4 25. fxe4 g6 26. Nb3 Nf4 27. Bc5 Qc7
28. Rgd1 Ne6 29. Rd7 Qc8 30. Be7 Nc6 31. Bf6 Ncd4 32. Rd5 h6 33. Nxd4 exd4 34.
R1xd4 1-0

[Event "Prva liga centralne Srbije 2013"]
[Site "Kragujevac"]
[Date "2013.09.14"]
[Round "1.1"]
[White "Jesic, Dusan"]
[Black "Roganovic, Milos"]
[Result "0-1"]
[WhiteElo "2357"]
[BlackElo "2497"]
[PlyCount "88"]
[EventDate "2013.09.14"]

1. d4 Nf6 2. c4 g6 3. Nc3 d5 4. Nf3 Bg7 5. Bg5 Ne4 6. cxd5 Nxg5 7. Nxg5 e6 8.
Nf3 exd5 9. e3 O-O 10. b4 c6 11. Bd3 Qe7 12. Rb1 b5 13. O-O f5 14. a4 a6 15.
Qb3 Be6 16. Ne2 Nd7 17. a5 Kh8 18. Rfc1 Rac8 19. Rc3 Rc7 20. Qc2 Rfc8 21. Nf4
Bf7 22. h4 Bf6 23. g3 Kg7 24. Bf1 Qe4 25. Qd1 Qe7 26. Bg2 h6 27. Nd3 g5 28.
hxg5 hxg5 29. Nfe1 Qe6 30. Rbc1 Be7 31. R1c2 Bg6 32. Qc1 Nf6 33. f3 Nh5 34. Kf2
Bd6 35. f4 Nf6 36. Ne5 Ng4+ 37. Nxg4 fxg4 38. Rb2 Qe7 39. Rcb3 Re8 40. Qd2 gxf4
41. exf4 Qf6 42. Re3 Rce7 43. Rxe7+ Qxe7 44. Bf1 Bxf4 0-1

[Event "Prva liga centralne Srbije 2013"]
[Site "Kragujevac"]
[Date "2013.09.14"]
[Round "1.1"]
[White "Markovic, Ivan J"]
[Black "Radovanovic, Jovica"]
[Result "1-0"]
[WhiteElo "2471"]
[BlackElo "2335"]
[PlyCount "89"]
[EventDate "2013.09.14"]

1. e4 c5 2. c3 d5 3. exd5 Qxd5 4. d4 Nf6 5. Na3 e6 6. Nb5 Qd8 7. dxc5 Bxc5 8.
Qxd8+ Kxd8 9. Bf4 a6 10. O-O-O+ Ke7 11. Nc7 Ra7 12. b4 Nh5 13. Nd5+ exd5 14.
Bxb8 Ra8 15. Rxd5 Rxb8 16. Rxc5 Nf6 17. Bc4 b5 18. Bb3 Bb7 19. f3 Rhc8 20. Rxc8
Rxc8 21. Ne2 Nd5 22. Kd2 Rd8 23. Bxd5 Bxd5 24. Nd4 g5 25. Ra1 h5 26. a4 Kf8 27.
axb5 axb5 28. Ra6 Bc4 29. g3 Kg7 30. h4 Rd5 31. Rc6 gxh4 32. gxh4 Rd8 33. Ke3
Ra8 34. Nf5+ Kg8 35. Nd6 Bf1 36. Rc5 Ra3 37. Kf4 Kg7 38. Ne4 Kg6 39. Rg5+ Kh6
40. Ng3 Bc4 41. Rxh5+ Kg6 42. Rg5+ Kh6 43. Ne4 Rb3 44. Rc5 Ra3 45. Nd6 1-0

[Event "Prva liga centralne Srbije 2013"]
[Site "Kragujevac"]
[Date "2013.09.14"]
[Round "1.1"]
[White "Misojcic, Miroslav"]
[Black "Arsovic, Goran"]
[Result "0-1"]
[WhiteElo "2253"]
[BlackElo "2449"]
[PlyCount "60"]
[EventDate "2013.09.14"]

1. d4 Nf6 2. c4 g6 3. Nc3 Bg7 4. Nf3 d6 5. g3 O-O 6. Bg2 Nc6 7. O-O Bd7 8. d5
Na5 9. Nd2 c6 10. dxc6 Nxc6 11. Nb3 Qc8 12. c5 dxc5 13. Nxc5 Bh3 14. Bg5 Bxg2
15. Kxg2 Rd8 16. Qa4 Rd4 17. Qb3 b6 18. Nd3 Qb7 19. Kg1 Rxd3 20. exd3 Nd4 21.
Qd1 Nf3+ 22. Kh1 Nxg5+ 23. f3 Rd8 24. Qe2 Ne6 25. Ne4 Qd5 26. Rfd1 Nd4 27. Qf2
h6 28. Kg2 Nd7 29. Nc3 Qb7 30. Re1 Ne5 0-1

[Event "Prva liga centralne Srbije 2013"]
[Site "Kragujevac"]
[Date "2013.09.14"]
[Round "1.6"]
[White "Todorovic, Jovan"]
[Black "Urosevic, Zoran"]
[Result "1-0"]
[WhiteElo "2418"]
[BlackElo "2244"]
[PlyCount "107"]
[EventDate "2013.09.14"]

1. e4 c5 2. Nf3 d6 3. d4 cxd4 4. Nxd4 Nf6 5. Nc3 a6 6. Be2 e5 7. Nb3 Be7 8. O-O
O-O 9. Be3 Qc7 10. a4 b6 11. Qd2 Bb7 12. f3 Nbd7 13. Rfd1 Rfe8 14. Qe1 Rad8 15.
Qf1 Qc8 16. Rd2 Nc5 17. Bc4 h6 18. Nxc5 dxc5 19. Rxd8 Rxd8 20. Rd1 Rxd1 21.
Qxd1 Qd7 22. Qe2 a5 23. Kf1 Bc6 24. Bb5 Bxb5 25. Qxb5 Qxb5+ 26. Nxb5 Kf8 27.
Na3 Bd6 28. Nc4 Bc7 29. Bf2 Nd7 30. Ke2 Ke7 31. g4 Nf8 32. Bg3 f6 33. h4 Ne6
34. c3 Kd7 35. Kd3 Kc6 36. b3 Bd8 37. Na3 Bc7 38. Kc4 Bb8 39. Nb5 Nf8 40. Be1
Ne6 41. Bd2 Bd6 42. Na7+ Kd7 43. Kb5 Kc7 44. Ka6 Be7 45. Be3 Bf8 46. Nb5+ Kc6
47. Ka7 c4 48. bxc4 Bc5 49. Bc1 Bf2 50. h5 Nc5 51. Ba3 Nxa4 52. Bf8 Bh4 53. Kb8
Nb2 54. Kc8 1-0

[Event "Prva liga centralne Srbije 2013"]
[Site "Kragujevac"]
[Date "2013.09.14"]
[Round "1.1"]
[White "Petkov, Vladimir"]
[Black "Pancevski, Filip"]
[Result "1/2-1/2"]
[WhiteElo "2564"]
[BlackElo "2500"]
[PlyCount "82"]
[EventDate "2013.09.14"]

1. d4 g6 2. c4 Bg7 3. Nc3 d6 4. e4 e5 5. d5 a5 6. h4 h5 7. g3 Na6 8. Bh3 Bh6 9.
Bxc8 Qxc8 10. f4 Nc5 11. Be3 Nf6 12. Bxc5 dxc5 13. Nge2 O-O 14. Qd3 Qg4 15. Nd1
Rae8 16. Nf2 Qd7 17. O-O Qd6 18. Qf3 Ng4 19. Rae1 f5 20. exf5 Nxf2 21. Qxf2
Rxf5 22. Nc3 Ref8 23. Qc2 Bg7 24. Ne4 Qb6 25. fxe5 Bxe5 26. b3 Qb4 27. Kg2 b5
28. Ng5 Bd4 29. a3 Qxe1 30. Rxe1 Rf2+ 31. Qxf2 Rxf2+ 32. Kh3 a4 33. bxa4 bxc4
34. Rc1 c3 35. Ne4 Ra2 36. Nxc3 Rxa3 37. Nb5 Rxa4 38. Nxc7 Be5 39. Nb5 Rg4 40.
Rg1 Rb4 41. Re1 Rxb5 1/2-1/2

[Event "Prva liga centralne Srbije 2013"]
[Site "Kragujevac"]
[Date "2013.09.14"]
[Round "1.2"]
[White "Paunovic, Tomislav"]
[Black "Brankovic, Dejan"]
[Result "1/2-1/2"]
[WhiteElo "2327"]
[BlackElo "2364"]
[PlyCount "38"]
[EventDate "2013.09.14"]

1. c4 Nf6 2. g3 g6 3. Bg2 Bg7 4. Nc3 c5 5. e4 Nc6 6. Nge2 d6 7. a3 O-O 8. O-O
a6 9. f4 Bd7 10. a4 Qc8 11. a5 Bh3 12. f5 Bxg2 13. Kxg2 Qd8 14. Qa4 Ng4 15. Nf4
Nd4 16. Nce2 Nxe2 17. Nxe2 e6 18. h3 Ne5 19. Nf4 Qe7 1/2-1/2

[Event "Prva liga centralne Srbije 2013"]
[Site "Kragujevac"]
[Date "2013.09.14"]
[Round "1.2"]
[White "Carnic, Srdjan"]
[Black "Mladenovic, Stefan"]
[Result "1/2-1/2"]
[WhiteElo "2327"]
[BlackElo "2274"]
[PlyCount "35"]
[EventDate "2013.09.14"]

1. d4 Nf6 2. c4 e6 3. Nf3 b6 4. g3 Ba6 5. b3 b5 6. cxb5 Bxb5 7. Bg2 Bc6 8. O-O
a5 9. Ba3 Bb4 10. Bxb4 axb4 11. Nbd2 Qc8 12. Qc2 Qb7 13. Rfe1 O-O 14. e4 d6 15.
h3 Ra7 16. Re3 Qa8 17. Ne1 Nbd7 18. Nd3 1/2-1/2

[Event "Prva liga centralne Srbije 2013"]
[Site "Kragujevac"]
[Date "2013.09.14"]
[Round "1.2"]
[White "Cvetanovic, Uros"]
[Black "Nikolic, Boban"]
[Result "1-0"]
[WhiteElo "2258"]
[BlackElo "2255"]
[PlyCount "71"]
[EventDate "2013.09.14"]

1. e4 c6 2. Nf3 d5 3. exd5 cxd5 4. Ne5 Nf6 5. d4 g6 6. Bd3 Nc6 7. c3 Bg7 8. O-O
Nxe5 9. dxe5 Ng4 10. Bb5+ Kf8 11. c4 Be6 12. cxd5 Qxd5 13. Qxd5 Bxd5 14. Nc3
Bc6 15. Bxc6 bxc6 16. f4 f6 17. h3 Nh6 18. g4 Nf7 19. Ne4 fxe5 20. fxe5 Kg8 21.
e6 Nd8 22. Ng5 h5 23. Kg2 hxg4 24. hxg4 Rb8 25. Nf7 Rh7 26. Nxd8 Rxd8 27. Rf7
Bxb2 28. Bxb2 Rd2+ 29. Kg3 Rxb2 30. Raf1 Rxf7 31. Rxf7 Rb7 32. Kf4 c5 33. Kg5
c4 34. Kxg6 c3 35. Rg7+ Kf8 36. Kh7 1-0

[Event "Prva liga centralne Srbije 2013"]
[Site "Kragujevac"]
[Date "2013.09.14"]
[Round "1.3"]
[White "Galkin, Alexander"]
[Black "Cabrilo, Goran"]
[Result "1-0"]
[WhiteElo "2626"]
[BlackElo "2388"]
[PlyCount "121"]
[EventDate "2013.09.14"]

1. Nf3 c5 2. c4 Nf6 3. Nc3 b6 4. e4 d6 5. d4 cxd4 6. Nxd4 Bb7 7. f3 e6 8. Be3
Be7 9. Be2 O-O 10. O-O a6 11. Qe1 Nbd7 12. Qf2 Rc8 13. Rac1 Re8 14. Rfd1 Qc7
15. Nc2 Qb8 16. Kh1 Bf8 17. Bf4 Nh5 18. Bg5 h6 19. Be3 Nhf6 20. Qg3 Nh5 21. Qh4
Nhf6 22. Bf1 Ba8 23. Qg3 Nh5 24. Qf2 Nhf6 25. h3 Bb7 26. Bf4 Ba8 27. Bh2 Ne5
28. Ne3 Bc6 29. a3 Red8 30. Rc2 Be7 31. Rcd2 Be8 32. Be2 b5 33. cxb5 axb5 34.
Nc2 Qb7 35. Nb4 g5 36. Qf1 Nc4 37. Bxc4 bxc4 38. Bxd6 Rxd6 39. Rxd6 Bxd6 40.
Rxd6 Qc7 41. Qd1 Qc5 42. Qd4 Qxd4 43. Rxd4 Nd7 44. Kg1 Kf8 45. Kf2 Ke7 46. Ke3
f6 47. Rd2 Nb6 48. g3 Bd7 49. Rh2 Rg8 50. Kf2 h5 51. h4 g4 52. f4 Ra8 53. Ke3
Ra5 54. Rc2 Kd6 55. Nb1 Ra8 56. Nd2 Rc8 57. e5+ fxe5 58. Ne4+ Ke7 59. fxe5 Ba4
60. Rf2 Be8 61. Nd6 1-0

[Event "Prva liga centralne Srbije 2013"]
[Site "Kragujevac"]
[Date "2013.09.14"]
[Round "1.3"]
[White "Milanovic, Slavisa"]
[Black "Marinkovic, Slavisa"]
[Result "1/2-1/2"]
[WhiteElo "2419"]
[BlackElo "2388"]
[PlyCount "56"]
[EventDate "2013.09.14"]

1. c4 e5 2. Nc3 Nc6 3. Nf3 f5 4. d4 e4 5. Ng5 Nf6 6. e3 h6 7. Nh3 g5 8. Ng1 Ne7
9. h4 g4 10. h5 d6 11. Nge2 Be6 12. Nf4 Bf7 13. f3 Qd7 14. d5 Bg7 15. Be2 exf3
16. gxf3 O-O-O 17. Nb5 c6 18. dxc6 Nxc6 19. Nd5 gxf3 20. Bxf3 Nxd5 21. Bxd5 Be5
22. Qa4 Kb8 23. Bd2 Rhe8 24. O-O-O a6 25. Nc3 Bxc3 26. Bxc3 Bxd5 27. cxd5 Ne5
28. Qxd7 Rxd7 1/2-1/2

[Event "Prva liga centralne Srbije 2013"]
[Site "Kragujevac"]
[Date "2013.09.14"]
[Round "1.3"]
[White "Zivkovic, Sava"]
[Black "Ivanovic, Dragutin"]
[Result "0-1"]
[WhiteElo "2353"]
[BlackElo "2360"]
[PlyCount "82"]
[EventDate "2013.09.14"]

1. e4 b6 2. Nc3 Bb7 3. d4 e6 4. Bd3 Bb4 5. Nge2 d5 6. O-O dxe4 7. Nxe4 Nf6 8.
N2g3 Nbd7 9. Nxf6+ Nxf6 10. Bb5+ c6 11. Bd3 Be7 12. c3 O-O 13. Bg5 h6 14. Be3
c5 15. Qe2 Qd5 16. f3 cxd4 17. Bc4 Qe5 18. Bxd4 Qxe2 19. Nxe2 Rac8 20. Bb5 Nd5
21. Rfd1 Rfd8 22. Kf2 Bd6 23. Kg1 e5 24. Bf2 f5 25. Bd3 g6 26. Bc2 Kg7 27. Bb3
Be7 28. a3 Bc5 29. Bxc5 bxc5 30. Kf2 f4 31. Bxd5 Bxd5 32. Nc1 Bc4 33. Ke1 Rxd1+
34. Kxd1 Bf1 35. g3 fxg3 36. hxg3 Rf8 37. b4 Rxf3 38. Kd2 Bc4 39. bxc5 e4 40.
Ne2 e3+ 41. Ke1 Rf2 0-1

[Event "Prva liga centralne Srbije 2013"]
[Site "Kragujevac"]
[Date "2013.09.14"]
[Round "1.3"]
[White "Blesic, Vaso"]
[Black "Begus, Drasko"]
[Result "1/2-1/2"]
[WhiteElo "2375"]
[BlackElo "2345"]
[PlyCount "28"]
[EventDate "2013.09.14"]

1. d4 Nf6 2. Nf3 g6 3. Nc3 d5 4. Bf4 Bg7 5. e3 O-O 6. Be2 Nbd7 7. Ne5 c6 8. h4
Nxe5 9. Bxe5 Qa5 10. h5 Ne4 11. Bxg7 Kxg7 12. Bd3 Nxc3 13. Qd2 Bf5 14. Bxf5
gxf5 1/2-1/2

[Event "Prva liga centralne Srbije 2013"]
[Site "Kragujevac"]
[Date "2013.09.14"]
[Round "1.3"]
[White "Ignjatovic, Predrag"]
[Black "Sandic, Vladeta"]
[Result "1/2-1/2"]
[WhiteElo "2290"]
[BlackElo "2326"]
[PlyCount "32"]
[EventDate "2013.09.14"]

1. e4 d5 2. exd5 Nf6 3. d4 Nxd5 4. c4 Nb6 5. Nc3 e5 6. Qe2 Qxd4 7. Nf3 Qg4 8.
Nxe5 Qxe2+ 9. Bxe2 Be6 10. b3 c6 11. Bb2 Be7 12. O-O-O O-O 13. f4 Na6 14. g4
Rad8 15. f5 Bc8 16. a3 Nc5 1/2-1/2

[Event "Prva liga centralne Srbije 2013"]
[Site "Kragujevac"]
[Date "2013.09.14"]
[Round "1.4"]
[White "Nestorovic, Dejan"]
[Black "Mrsevic, Miroslav"]
[Result "1-0"]
[WhiteElo "2437"]
[BlackElo "2286"]
[PlyCount "147"]
[EventDate "2013.09.14"]

1. d4 Nf6 2. c4 g6 3. Nc3 Bg7 4. e4 d6 5. Nf3 O-O 6. Be2 e5 7. O-O Nc6 8. d5
Ne7 9. Bg5 h6 10. Bxf6 Bxf6 11. b4 c6 12. Qb3 a5 13. a3 cxd5 14. cxd5 Bg4 15.
bxa5 Qxa5 16. Nb5 Ra6 17. Qb4 Qxb4 18. axb4 Nxd5 19. exd5 e4 20. Rxa6 bxa6 21.
Nxd6 exf3 22. gxf3 Bh3 23. Rb1 Rd8 24. Ne4 Be5 25. Bxa6 Rxd5 26. b5 f5 27. b6
Kg7 28. Ng3 h5 29. b7 h4 30. Nf1 f4 31. Rb5 Be6 32. Rxd5 Bxd5 33. Nd2 Kf7 34.
Bc4 Ke6 35. Kg2 Bxc4 36. Nxc4 Bc7 37. Kh3 Kd5 38. Nd2 Kc6 39. Kxh4 Bd8+ 40. Kg4
Kxb7 41. h3 Kc6 42. Kxf4 Kd5 43. Ne4 Ke6 44. Kg4 Ke5 45. Ng3 Bb6 46. f4+ Ke6
47. f3 Kf6 48. f5 gxf5+ 49. Nxf5 Kg6 50. Ne7+ Kh6 51. h4 Ba5 52. f4 Bd8 53.
Nf5+ Kh7 54. Nd6 Be7 55. Nf7 Kg6 56. Ne5+ Kh6 57. Nf3 Bd8 58. h5 Bf6 59. Nh4
Bd8 60. Nf5+ Kh7 61. Nd6 Be7 62. Nf7 Kg7 63. Ne5 Kh6 64. Nf7+ Kg7 65. Ng5 Kh6
66. Ne4 Ba3 67. Ng3 Bc1 68. Kf5 Bd2 69. Kg4 Ba5 70. f5 Bd2 71. f6 Bb4 72. Nf5+
Kh7 73. f7 Ba3 74. Kf3 1-0

[Event "Prva liga centralne Srbije 2013"]
[Site "Kragujevac"]
[Date "2013.09.14"]
[Round "1.4"]
[White "Kahrovic, Mersid"]
[Black "Milenkovic, Mladen"]
[Result "0-1"]
[WhiteElo "2298"]
[BlackElo "2381"]
[PlyCount "140"]
[EventDate "2013.09.14"]

1. e4 c5 2. Nf3 Nc6 3. g3 g6 4. Bg2 Bg7 5. O-O d6 6. h3 e5 7. d3 Nge7 8. Nc3
O-O 9. Be3 Nd4 10. Ne1 Be6 11. Qd2 Qd7 12. Kh2 f5 13. exf5 Ndxf5 14. Nf3 h6 15.
Ne4 b6 16. c4 d5 17. cxd5 Nxd5 18. g4 Nfxe3 19. fxe3 Rad8 20. a3 Nf6 21. Ng3
Nh7 22. Nh4 Rxf1 23. Rxf1 Nf8 24. Be4 Bf7 25. Qf2 Qe6 26. Qf3 Nh7 27. Qe2 Ng5
28. Nf3 Nxe4 29. Nxe4 c4 30. dxc4 Qxc4 31. Qxc4 Bxc4 32. Rc1 Bd5 33. Rd1 Rd7
34. Nh4 Kh7 35. Kg3 Bc6 36. Rxd7 Bxd7 37. Nc3 e4 38. Ng2 Be5+ 39. Kf2 g5 40.
Ne1 Kg6 41. Nxe4 Bxb2 42. Nd3 Bg7 43. Nd6 Kf6 44. e4 Bf8 45. Nf5 a5 46. Ke3
Bxa3 47. Kd4 Bf8 48. Kd5 Be6+ 49. Kc6 Bc4 50. e5+ Kg6 51. Nb2 Bf1 52. Kxb6 Bxh3
53. Ne3 Bb4 54. Kc6 h5 55. gxh5+ Kxh5 56. Kd5 g4 57. Nd3 g3 58. Nf4+ Kh4 59. e6
a4 60. Kc4 Bd6 61. e7 Bd7 62. Ned5 Kg4 63. Ne2 Kf3 64. Ng1+ Kg2 65. Ne2 Kf2 66.
Nef4 g2 67. Nh3+ Kg3 68. Ng1 Bc6 69. Kc3 Kh2 70. Nf3+ Kh1 0-1

[Event "Prva liga centralne Srbije 2013"]
[Site "Kragujevac"]
[Date "2013.09.14"]
[Round "1.4"]
[White "Dudukovic, Nikola"]
[Black "Dumic, Marko"]
[Result "1-0"]
[WhiteElo "2352"]
[BlackElo "2266"]
[PlyCount "120"]
[EventDate "2013.09.14"]

1. e4 e6 2. d4 d5 3. Nc3 Bb4 4. e5 c5 5. a3 Bxc3+ 6. bxc3 Ne7 7. a4 Qa5 8. Bd2
Nbc6 9. Nf3 Bd7 10. Bd3 c4 11. Be2 O-O-O 12. Qc1 h6 13. Qa3 Kb8 14. O-O a6 15.
Rfb1 Ka8 16. Bc1 Rb8 17. Nd2 Nc8 18. Nf1 Qc7 19. Ne3 N6e7 20. Qa2 b6 21. Ba3
Bc6 22. Rb2 Rb7 23. Qb1 Qd7 24. a5 bxa5 25. Bc5 a4 26. Bf3 Nf5 27. Nxf5 exf5
28. Rxb7 Qxb7 29. Qa2 Na7 30. Rb1 Nb5 31. Qxa4 Nxc3 32. Rxb7 Nxa4 33. Ra7+ Kb8
34. Rxa6 Nxc5 35. Rxc6 Ne6 36. Bxd5 Nxd4 37. Rxc4 Ne6 38. Bxe6 fxe6 39. Rc6 Re8
40. Kf1 Kb7 41. Rd6 Kc7 42. Ke2 g5 43. c4 h5 44. h4 gxh4 45. Kf3 Re7 46. Rd4
Kc6 47. Rxh4 Kc5 48. Rxh5 Kxc4 49. Rh1 Ra7 50. Rd1 Ra5 51. Kf4 Ra2 52. Kg3 Ra5
53. f4 Ra8 54. Rd6 Rg8+ 55. Kf3 Rg6 56. g4 fxg4+ 57. Kg3 Kc5 58. f5 Rg5 59.
Rxe6 Kd5 60. Kf4 Rg8 1-0

[Event "Prva liga centralne Srbije 2013"]
[Site "Kragujevac"]
[Date "2013.09.14"]
[Round "1.4"]
[White "Brajovic, Miroljub"]
[Black "Organdziev, Oliver"]
[Result "0-1"]
[WhiteElo "2135"]
[BlackElo "2308"]
[PlyCount "74"]
[EventDate "2013.09.14"]

1. e4 e6 2. d4 d5 3. exd5 exd5 4. Bd3 Nc6 5. c3 Bd6 6. Nf3 Bg4 7. O-O Nge7 8.
Bg5 Qd7 9. Nbd2 f6 10. Bh4 g5 11. Bg3 h5 12. Qc2 O-O-O 13. b4 Rdg8 14. Ne1 Bxg3
15. fxg3 h4 16. h3 Qe6 17. Ndf3 hxg3 18. Qe2 Qxe2 19. Bxe2 Bh5 20. Bd3 g4 21.
Nd2 Rh6 22. Nc2 Be8 23. Rae1 Kd8 24. Re6 gxh3 25. Rfxf6 Rhh8 26. gxh3 Rxh3 27.
Rf3 Rhh8 28. Nf1 g2 29. Ng3 Ng6 30. Ne1 Nh4 31. Ree3 Rf8 32. Rxf8 Rxf8 33. Nxg2
Nf3+ 34. Kf2 Nfxd4+ 35. Ke1 Nf3+ 36. Kf2 Nce5 37. Be2 Ng4+ 0-1

[Event "Prva liga centralne Srbije 2013"]
[Site "Kragujevac"]
[Date "2013.09.14"]
[Round "1.5"]
[White "Dimitrijevic, Srdjan"]
[Black "Djukic, Zeljko"]
[Result "1/2-1/2"]
[WhiteElo "2307"]
[BlackElo "2386"]
[PlyCount "22"]
[EventDate "2013.09.14"]

1. d4 c5 2. d5 d6 3. e4 g6 4. Nc3 Bg7 5. h3 Nf6 6. Nf3 O-O 7. Be2 b5 8. Nxb5
Nxe4 9. O-O Na6 10. Re1 Nc7 11. Nxc7 Qxc7 1/2-1/2

[Event "Prva liga centralne Srbije 2013"]
[Site "Kragujevac"]
[Date "2013.09.14"]
[Round "1.5"]
[White "Zivkovic, Nemanja"]
[Black "Mitrovic, Darko R"]
[Result "1/2-1/2"]
[WhiteElo "2274"]
[BlackElo "2278"]
[PlyCount "84"]
[EventDate "2013.09.14"]

1. Nf3 Nf6 2. c4 e6 3. b3 d5 4. Bb2 Nbd7 5. e3 c6 6. Nc3 e5 7. cxd5 cxd5 8. Rc1
a6 9. Ne2 Bd6 10. Ng3 O-O 11. Nf5 Bb4 12. a3 Ba5 13. b4 Bb6 14. Be2 Ne8 15. Qb3
Ndf6 16. Ng3 e4 17. Nd4 Nd6 18. O-O Be6 19. d3 Qe7 20. Rfd1 Rac8 21. Rxc8 Rxc8
22. dxe4 Nfxe4 23. Nxe4 Nxe4 24. Bf3 Bxd4 25. Bxd4 Qc7 26. a4 Qc2 27. Qxc2 Rxc2
28. Bxe4 dxe4 29. Bc5 f6 30. a5 Bd5 31. h3 Bc6 32. g4 Kf7 33. Rd8 Rc3 34. Rc8
Rd3 35. Kg2 Rd7 36. Kg3 Rd1 37. Kg2 Rd5 38. Bd4 h5 39. Kg3 hxg4 40. Rc7+ Rd7
41. Rxd7+ Bxd7 42. hxg4 g5 1/2-1/2

[Event "Prva liga centralne Srbije 2013"]
[Site "Kragujevac"]
[Date "2013.09.14"]
[Round "1.5"]
[White "Djokic, Vladan"]
[Black "Stankovic, Ivan G"]
[Result "1-0"]
[WhiteElo "2310"]
[BlackElo "2238"]
[PlyCount "61"]
[EventDate "2013.09.14"]

1. c4 c5 2. Nc3 Nc6 3. g3 g6 4. Bg2 Bg7 5. d3 e5 6. Nf3 Nge7 7. O-O d6 8. Rb1
h6 9. a3 a5 10. Ne1 Be6 11. Nc2 d5 12. cxd5 Nxd5 13. Ne3 Nde7 14. Nc4 O-O 15.
Qb3 Rb8 16. Qb5 Nd4 17. Qxc5 b5 18. Nxa5 Qd7 19. Ne4 Nxe2+ 20. Kh1 Rfc8 21. Qd6
Qa7 22. Be3 Qxa5 23. Qxe7 Qc7 24. Qxc7 Rxc7 25. Nc5 Bc8 26. Rfe1 Bf8 27. Rxe2
Bxc5 28. Rc2 Bd6 29. Rxc7 Bxc7 30. Rc1 Bd6 31. Ba7 1-0

[Event "Prva liga centralne Srbije 2013"]
[Site "Kragujevac"]
[Date "2013.09.14"]
[Round "1.5"]
[White "Krstic, Ranko"]
[Black "Stankovic, Dejan"]
[Result "1/2-1/2"]
[WhiteElo "2203"]
[BlackElo "2262"]
[PlyCount "21"]
[EventDate "2013.09.14"]

1. Nf3 d5 2. d4 Nc6 3. Bf4 Bg4 4. e3 e6 5. h3 Bh5 6. c4 Bd6 7. cxd5 exd5 8.
Bxd6 Qxd6 9. Nc3 Nf6 10. Be2 O-O 11. O-O 1/2-1/2